[Event "Lozovatsky Memorial-B 2019"]
[Site "Chelyabinsk"]
[Date "2019.01.18"]
[Round "7"]
[White "Sitnikov, Anton"]
[Black "Kholopov, Alexander A."]
[Result "1-0"]
[WhiteElo "2410"]
[BlackElo "2211"]
[Annotator "TA"]
[PlyCount "85"]
[EventDate "2019.01.12"]
[EventType "tourn"]
[EventCountry "RUS"]
[SourceTitle "playchess.com"]
[Source "ChessBase"]
[SourceQuality "1"]

{[%evp 9,85,27,27,24,31,29,33,24,26,33,29,12,17,15,37,41,34,28,58,58,58,58,63,-26,-18,-30,-22,-24,-21,-27,0,0,0,0,102,91,91,93,85,93,94,58,62,70,73,27,164,127,279,0,191,0,282,287,269,225,255,185,481,471,550,534,1359,1321,1085,1150,1197,2117,2043,1758,1431,571,29991,0,931,364,29975,0]} 1. e4 c5 2. Nc3 Nc6 3. Nge2 e5 4. Nd5 Nf6 5. Nxf6+ Qxf6 6. Nc3 {B23: Closed Sicilian: Lines without g3} Qd8 7. Bc4 Be7 8. O-O $146 {White is slightly better.} ({Predecessor:} 8. d3 O-O 9. Nd5 Bg5 10. f4 exf4 11. O-O d6 12. Bxf4 Bxf4 13. Nxf4 {½-½ (36) Lupulescu,C (2565)-Chirila,I (2314) Galatzi 2007}) 8... O-O 9. d3 d6 10. a3 Be6 11. Nd5 Bg5 12. Bxg5 Qxg5 13. b4 cxb4 14. axb4 Bxd5 15. Bxd5 Nxb4 16. Bc4 ({White should try} 16. Bxb7 $14 Rab8 17. Ba6) 16... Nc6 $11 17. c3 Qe7 18. f4 exf4 19. Rxf4 Kh8 20. d4 g5 21. Rf3 h6 (21... Qxe4 $11 {remains equal.} 22. Qf1 Rae8) 22. Qd3 {[%mdl 1024] White has strong compensation.} Rae8 23. Bd5 Kg7 24. Rf5 f6 25. h4 Qc7 26. Rf3 a6 27. Rb1 Rb8 (27... b5 $11) 28. Bb3 Na5 $2 (28... Ne7 $16 {keeps fighting.}) 29. Bd5 Nc6 $1 30. Bb3 (30. Rbf1 $142) 30... Na5 $1 $18 31. Bc2 Qc4 {next ...Qxd3 is good for Black.} 32. Qd2 Qc7 33. e5 $36 {[%mdl 2048] White has strong initiative.} dxe5 $2 (33... fxe5 34. Rbf1 (34. hxg5 Rxf3 35. gxf3 Qe7 $11) 34... Rxf3 35. Rxf3 e4 36. Bxe4 Qe7) 34. Qd3 {[%csl Gc2][%cal Rd3h7] [#]} (34. hxg5 fxg5 35. Qd3 (35. Rxf8 Rxf8 36. Qd3 Kh8 $11) 35... Kh8 $16) 34... Kh8 35. Rbf1 Rbe8 {Threatens to win with ...e4.} 36. Rxf6 Rxf6 37. Rxf6 e4 38. Qf1 {Rf8+ would kill now.} Qg7 {[#]} 39. Bxe4 $1 {[%mdl 512]} Nc4 (39... Rxe4 40. Rf8+) 40. Rf7 (40. hxg5 $142 Nd2 41. Qf5 (41. gxh6 Nxf1 42. hxg7+ Kxg7 $18)) 40... Na5 41. Rf6 (41. Bd5 $142 Re1 42. Qxe1 Qxf7 43. Qe5+ Kh7 44. Bxf7 {[%mdl 64] Discovered Attack} Nc6 45. Qf6 Ne7 46. Qxe7 Kg7 47. Bd5+ {[%mdl 64] Discovered Attack} Kh8 48. Qf8+ {[%mdl 64] Double Attack} Kh7 49. Qg8#) 41... Nc4 $1 {[%cal Rc4d2] aiming for ...Nd2.} ({Avoid the trap} 41... Rxe4 $2 42. Rf8+ Qg8 43. Qf6+ Kh7 44. Qf5+ {[%mdl 64] Double Attack} Kh8 45. Rxg8+ (45. Qxe4 Qxf8 46. Qe5+ {[%mdl 64] Double Attack} Kh7 $11) 45... Kxg8 46. Qxe4 $18) 42. Rg6 $2 (42. hxg5 Nd2 43. Qf5 (43. gxh6 Nxf1 44. hxg7+ Kxg7 $18) 43... Nxe4 44. Rxh6+ Kg8 45. Rg6 Nxg5 46. Rxg7+ Kxg7 47. Qxg5+ Kf8 48. Qf6+ Kg8 49. Qg6+ Kf8 50. Qf6+ Kg8 51. d5) 42... Na5 $2 (42... Qf8 $18) 43. Rf6 $2 {[%mdl 32768] Accuracy: White = 41%, Black = 47%. . Loss on time!?} (43. Rxg7 {mates} Kxg7 44. Qf5 {[%mdl 64] Double Attack} Rxe4 45. Qxe4 gxh4 46. Qe5+ {[%mdl 64] Double Attack} Kf8 47. Qxa5 Ke7 48. Qc5+ Kf7 49. Qf5+ Ke7 50. d5) 1-0

[Event "Lozovatsky Memorial-B 2019"]
[Site "Chelyabinsk"]
[Date "2019.01.18"]
[Round "7"]
[White "Nugumanov, Bakhtiyar"]
[Black "Frolov, Ivan"]
[Result "1-0"]
[WhiteElo "2391"]
[BlackElo "2210"]
[Annotator "TA"]
[PlyCount "51"]
[EventDate "2019.01.12"]
[EventType "tourn"]
[EventCountry "RUS"]
[SourceTitle "playchess.com"]
[Source "ChessBase"]
[SourceQuality "1"]

{[%evp 19,51,8,16,9,8,12,78,19,37,49,51,50,47,47,61,37,90,91,89,90,92,91,106,63,72,41,102,83,170,189,272,270,423,415]} 1. e4 e5 2. Nf3 Nc6 3. Bc4 Bc5 4. c3 Nf6 5. d3 O-O 6. O-O d6 7. Bb3 Bb6 8. Nbd2 Be6 9. Nc4 h6 10. Re1 {C54: Giuoco Piano: 4 c3 Nf6, main lines with 5 d4 and 5 d3} Ne7 {LiveBook: 3 Games} 11. a4 (11. a3 Ng6 12. Bc2 Bg4 13. h3 Bh5 14. Be3 Nh4 15. Ncd2 Nh7 16. g4 Bg6 17. Nxh4 Qxh4 18. Kg2 Ng5 19. Rh1 f5 20. exf5 {½-½ (20) Zhigalko,S (2671)-Andreikin,D (2737) Tallinn 2016}) 11... c6 12. Nxb6 $146 {The position is equal.} ({Predecessor:} 12. d4 Bxc4 13. Bxc4 exd4 14. Nxd4 d5 15. exd5 Nexd5 16. Nf5 Re8 17. Rxe8+ Qxe8 18. Bxd5 cxd5 {1-0 (36) Sosna,J (2350)-Vechet,S (2250) Czechia 1997}) 12... Qxb6 (12... Bxb3 $11 {remains equal.} 13. Qxb3 Qxb6 14. Qxb6 axb6) 13. Bc2 (13. Bxe6 $16 {Bb3 is the strong threat.} fxe6 14. a5) 13... Ng6 14. d4 {[%cal Bd3d4,Bd4d5][%mdl 32]} Qc7 15. h3 Rfe8 16. Be3 Rad8 17. Nd2 {[%cal Bf3d2,Bd2f1,Bf1g3,Bg3f5][%mdl 32]} c5 ({Better is} 17... d5 $14) 18. d5 $16 Bc8 19. Nf1 Qe7 20. Ng3 Nf4 21. a5 Nh7 22. Nf5 Bxf5 (22... Qf6 $1 $14) 23. exf5 {Black must now prevent Bxf4.} Qh4 {[#]} (23... Qg5 $16 24. Qf3 Nf6) 24. g3 $1 $18 {[%cal Rg3h4]} Nxh3+ (24... Qxh3 $142 25. gxf4 Nf6) 25. Kg2 Nf4+ (25... Nxf2 {was called for.} 26. Bxf2 Qe7) 26. Bxf4 $1 {Accuracy: White = 66%, Black = 34%.} 1-0

[Event "Lozovatsky Memorial-B 2019"]
[Site "Chelyabinsk"]
[Date "2019.01.18"]
[Round "7"]
[White "Ponomariov, Valeriy"]
[Black "Dauletova, Gulmira"]
[Result "0-1"]
[WhiteElo "2378"]
[BlackElo "2240"]
[Annotator "NA"]
[PlyCount "44"]
[EventDate "2019.01.12"]
[EventType "tourn"]
[EventCountry "RUS"]
[SourceTitle "playchess.com"]
[Source "ChessBase"]
[SourceQuality "1"]
[TimeControl "5400+30"]

1. d4 {[%emt 0:00:00]} Nf6 {[%emt 0:00:45]} 2. c4 {[%emt 0:00:00]} e6 {[%emt 0:00:06]} 3. Nc3 {[%emt 0:00:09]} Bb4 {[%emt 0:00:28]} 4. Nf3 {[%emt 0:00:16]} d5 {[%emt 0:00:45]} 5. Qa4+ {[%emt 0:00:49]} Nc6 {[%emt 0:00:11]} 6. e3 {[%emt 0:00:13]} O-O {[%emt 0:03:54]} 7. Bd2 {[%emt 0:01:52]} Re8 {[%emt 0:01:49]} 8. Qc2 {[%emt 0:00:49]} e5 {[%emt 0:01:32]} 9. dxe5 {[%emt 0:05:43]} Nxe5 {[%emt 0:02:34]} 10. cxd5 {[%emt 0:06:49]} a5 {[%emt 0:36:14]} 11. Nxe5 {[%emt 0:21:50]} Rxe5 {[%emt 0:01:13]} 12. Bc4 {[%emt 0:00:48]} Ng4 $14 {[%emt 0:04:28]} (12... Bf5 $5 {[%cal Rf5c2]} 13. Qd1 Nd7 $11) 13. Qd3 {[%emt 0:20:01]} Rf5 {[%emt 0:16:23]} 14. f4 {[%emt 0:04:46]} Rh5 {[%emt 0:05:49]} 15. Qd4 {[%emt 0:10:11]} Qe7 {[%emt 0:09:23]} 16. Be2 {[%emt 0:03:13]} Bf5 {[%emt 0:05:57]} 17. Bxg4 {[%emt 0:10:06]} Qh4+ {[%emt 0:00:04]} 18. g3 {[%emt 0:00:56]} Qxg4 {[%emt 0:00:02]} 19. e4 {[%emt 0:01:57]} Re8 {[%emt 0:00:54]} 20. Kf2 {[%emt 0:02:23]} Bxc3 {[%emt 0:02:31]} 21. Bxc3 {[%emt 0:00:04]} Bxe4 {[%emt 0:00:39]} 22. Qe3 {[%emt 0:00:52]} Qh3 {[%emt 0:01:16]} 0-1

[Event "Lozovatsky Memorial-B 2019"]
[Site "Chelyabinsk"]
[Date "2019.01.18"]
[Round "7"]
[White "Mischuk, Dmitry"]
[Black "Radzhabov, Rodion"]
[Result "*"]
[WhiteElo "2357"]
[BlackElo "2329"]
[Annotator "TA"]
[PlyCount "32"]
[EventDate "2019.01.12"]
[EventType "tourn"]
[EventCountry "RUS"]
[SourceTitle "playchess.com"]
[Source "ChessBase"]
[SourceQuality "1"]

{[%evp 9,10,32,33]} 1. Nf3 Nf6 2. c4 e6 3. g3 c5 4. Bg2 Nc6 5. O-O Be7 {LiveBook: 216 Games} {Predecessor:} 6. d4 $146 cxd4 7. Nxd4 O-O 8. Nc3 Ne5 9. b3 a6 10. Bb2 d6 11. Qd2 Qc7 12. Rac1 Bd7 13. h3 Rac8 14. Rfd1 Rfd8 15. f4 Ng6 16. e3 Qb8 {½-½ (55) Timman,J (2565)-Smeets,J (2598) Amstelveen 2016} *

[Event "Lozovatsky Memorial-B 2019"]
[Site "Chelyabinsk"]
[Date "2019.01.18"]
[Round "7"]
[White "Remizov, Yaroslav"]
[Black "Tologontegin, Semetey"]
[Result "1-0"]
[WhiteElo "2357"]
[BlackElo "2385"]
[Annotator "NA"]
[PlyCount "63"]
[EventDate "2019.01.12"]
[EventType "tourn"]
[EventCountry "RUS"]
[SourceTitle "playchess.com"]
[Source "ChessBase"]
[SourceQuality "1"]
[TimeControl "5400+30"]

1. e4 {[%emt 0:00:00]} e6 {[%emt 0:00:57]} 2. d4 {[%emt 0:00:03]} b6 {[%emt 0:00:15]} 3. Nf3 {[%emt 0:00:05]} Bb7 {[%emt 0:00:05]} 4. Bd3 {[%emt 0:00:02]} d6 {[%emt 0:01:06]} 5. O-O {[%emt 0:00:05]} Nd7 {[%emt 0:00:04]} 6. a4 {[%emt 0:00:04]} a6 {[%emt 0:00:47]} 7. Nbd2 {[%emt 0:07:01]} g6 {[%emt 0:23:14]} 8. a5 {[%emt 0:05:20]} b5 {[%emt 0:00:58]} 9. c4 {[%emt 0:00:07]} b4 {[%emt 0:00:23]} 10. d5 {[%emt 0:03:58]} Bg7 {[%emt 0:08:06]} 11. Qa4 {[%emt 0:06:27]} Rb8 {[%emt 0:08:35] [#]} 12. dxe6 $1 {[%emt 0:19:45]} fxe6 {[%emt 0:00:12]} 13. c5 {[%emt 0:00:11]} dxc5 {[%emt 0:02:29]} 14. Nb3 {[%emt 0:03:50]} Ne7 {[%emt 0:01:35]} 15. Ng5 $18 {[%emt 0:02:48]} Bc6 {[%emt 0:02:06]} 16. Qa2 {[%emt 0:01:46]} Nf8 {[%emt 0:19:33]} 17. Nxc5 {[%emt 0:14:54]} b3 {[%emt 0:05:32]} 18. Qa3 {[%emt 0:00:48]} h6 {[%emt 0:04:57]} 19. Nf3 {[%emt 0:00:42]} Bb5 {[%emt 0:00:47]} 20. Rd1 {[%emt 0:16:17]} Nc6 {[%emt 0:05:22]} 21. Bxh6 {[%emt 0:03:14]} Rxh6 {[%emt 0:00:19]} 22. Bxb5 {[%emt 0:00:21]} Rxb5 {[%emt 0:03:13]} 23. Rxd8+ {[%emt 0:00:04]} Kxd8 {[%emt 0:00:06]} 24. Nxb3 {[%emt 0:02:13]} Nd7 {[%emt 0:06:51]} 25. Rc1 {[%emt 0:00:54]} Ndb8 {[%emt 0:00:57]} 26. Nfd4 {[%emt 0:01:03]} Nxd4 {[%emt 0:03:53]} 27. Nxd4 {[%emt 0:00:06]} Bxd4 {[%emt 0:00:04]} 28. Qf8+ {[%emt 0:00:03]} Kd7 {[%emt 0:00:03]} 29. Qxh6 {[%emt 0:00:40]} Nc6 {[%emt 0:01:07]} 30. Qxg6 {[%emt 0:02:18]} Rxb2 {[%emt 0:00:04]} 31. Qf7+ {[%emt 0:00:07]} Kd6 {[%emt 0:00:27]} 32. h3 {Kd5} 1-0

[Event "Lozovatsky Memorial-B 2019"]
[Site "Chelyabinsk"]
[Date "2019.01.19"]
[Round "8"]
[White "Tologontegin, Semetey"]
[Black "Kholopov, Alexander A."]
[Result "1-0"]
[WhiteElo "2385"]
[BlackElo "2211"]
[Annotator "TA"]
[PlyCount "43"]
[EventDate "2019.01.12"]
[EventType "tourn"]
[EventCountry "RUS"]
[SourceTitle "playchess.com"]
[Source "ChessBase"]
[SourceQuality "1"]

{[%evp 13,43,28,32,-16,-4,-8,-11,-10,-13,-32,0,0,0,0,0,0,2,10,27,38,45,54,108,126,129,129,233,233,239,235,380,215]} 1. Nf3 f5 2. d3 d6 3. e4 e5 4. Nc3 c5 (4... Be7 5. d4 fxe4 6. Nxe4 d5 7. Neg5 exd4 8. Bd3 Qd6 9. Nxd4 c5 10. Nb5 Qe5+ 11. Be3 Na6 12. O-O {1-0 (36) Svidler,P (2751)-Bu,X (2710) Tbilisi 2017}) 5. g3 Nc6 6. Bg2 {A04: Unusual lines after 1 Nf3 and King's Indian Attack} Nf6 7. O-O Be7 {LiveBook: 7 Games} 8. exf5 {White is slightly better.} Bxf5 9. Nh4 Bg4 10. f3 Be6 11. f4 exf4 $146 ({Predecessor:} 11... Qb6 12. Na4 Qc7 13. fxe5 dxe5 {½-½ (19) Hansen,O (1553)-Aanstad,M (1932) Tromsoe 2007}) 12. Bxf4 Qd7 13. Nf3 Bg4 14. Qd2 O-O 15. Rae1 {[%cal Ba1e1,Be1e5,Be5g5,Bg5g7][%mdl 32]} d5 16. Ne5 Nxe5 17. Rxe5 {[%cal Rc3d5]} d4 {[#]} (17... Bd6 $1 $14) 18. Nd5 $1 $36 {[%mdl 2048] White is really pushing.} Bd6 19. Rg5 {Bxd6 is the strong threat.} h6 {[#]} (19... Nxd5 $16 20. Rxd5 (20. Bxd5+ Kh8 $11) 20... Rxf4 21. Rxf4 (21. gxf4 Rf8 $16) 21... Be6) 20. Rxg7+ $1 $18 {[%mdl 576] Deflection} Qxg7 21. Bxd6 Rf7 (21... Nxd5 $142 22. Rxf8+ (22. Bxf8 Rxf8 23. Bxd5+ Kh7 $18) (22. Bxd5+ Kh7 $18) 22... Rxf8) 22. Be5 {Accuracy: White = 67%, Black = 31%.} (22. Qe1 $142 Nd7 23. Rxf7 Kxf7 24. h3) 1-0

[Event "Lozovatsky Memorial-B 2019"]
[Site "Chelyabinsk"]
[Date "2019.01.19"]
[Round "8"]
[White "Tologontegin, Semetey"]
[Black "Kholopov, Alexander A."]
[Result "*"]
[WhiteElo "2385"]
[BlackElo "2211"]
[Annotator "TA"]
[PlyCount "23"]
[EventDate "2019.01.12"]
[EventType "tourn"]
[EventCountry "RUS"]
[SourceTitle "playchess.com"]
[Source "ChessBase"]
[SourceQuality "1"]

{[%evp 4,4,9]} 1. Nf3 f5 2. d3 d6 {Predecessor:} 3. e4 $146 e5 4. Nc3 Be7 5. d4 fxe4 6. Nxe4 d5 7. Neg5 exd4 8. Bd3 Qd6 9. Nxd4 c5 10. Nb5 Qe5+ 11. Be3 Na6 12. O-O {1-0 (36) Svidler,P (2751)-Bu,X (2710) Tbilisi 2017} *

[Event "Lozovatsky Memorial-B 2019"]
[Site "Chelyabinsk"]
[Date "2019.01.19"]
[Round "8"]
[White "Remizov, Yaroslav"]
[Black "Nugumanov, Bakhtiyar"]
[Result "1-0"]
[WhiteElo "2357"]
[BlackElo "2391"]
[Annotator "TA"]
[PlyCount "101"]
[EventDate "2019.01.12"]
[EventType "tourn"]
[EventCountry "RUS"]
[SourceTitle "playchess.com"]
[Source "ChessBase"]
[SourceQuality "1"]

{[%evp 20,101,18,0,23,30,34,28,33,18,31,10,31,0,25,16,33,37,83,81,70,76,90,85,133,119,134,0,0,0,2,7,0,0,7,7,7,0,0,0,0,0,7,7,8,0,136,136,128,120,239,247,213,199,146,143,472,504,512,496,511,496,489,472,472,467,4795,2202,29968,29969,29969,29970,29970,29971,29972,29973,29973,29974,29974,29975,29975,29976,29976,29977]} 1. e4 e5 2. Nf3 Nc6 3. Bc4 Bc5 4. c3 Nf6 5. d4 exd4 6. e5 d5 7. Be2 {C54: Giuoco Piano: 4 c3 Nf6, main lines with 5 d4 and 5 d3} (7. Bb5 Ne4 8. cxd4 Bb6 9. Nc3 O-O 10. Be3 Bg4 11. h3 Bh5 12. Qc2 Bg6 13. Qb3 Ne7 14. O-O c6 15. Bd3 Kh8 16. Nh4 c5 17. Nxg6+ fxg6 18. Bxe4 cxd4 19. Nxd5 Nxd5 {1-0 (51) Jones,G (2677)-Aronian,L (2780) Douglas 2018}) 7... Ne4 8. cxd4 Bb6 9. Nc3 O-O 10. O-O Bf5 11. Be3 {LiveBook: 4 Games} Nxc3 12. bxc3 f6 13. exf6 Qxf6 14. Qb3 Qd6 15. Rfe1 $146 Rae8 16. Rad1 Kh8 17. Bc1 Na5 18. Qa4 Qd7 19. Qxd7 Bxd7 20. Ba3 Rf6 21. Ne5 Ba4 22. Rb1 g6 23. Bb5 (23. Bf3 $16) 23... Bxb5 $11 24. Rxb5 {Nxg6+! is the strong threat.} Rfe6 25. Rxd5 {next Re3 is good for White.} Nc4 $1 {[%cal Rc4a3]} 26. Bc1 c6 27. Rd7 {Strongly threatening Nf7+.} Nxe5 28. Rxe5 Rxe5 29. dxe5 Rxe5 {[%cal Re5e1][%mdl 4096] Endgame KRB-KRB} 30. Kf1 Rd5 $132 {[%mdl 2048] Black is fighting back} 31. Rxd5 cxd5 {KB-KB} 32. Ke2 Ba5 (32... a6 $11 {remains equal.}) 33. Kd3 $1 $16 Kg7 34. Be3 a6 {[#]} (34... Kf6 $16) 35. Kd4 $1 $18 {[%cal Rd4d5]} Kf7 36. Kxd5 Bxc3 37. Kd6 Ke8 $2 {[%mdl 8192] [#]} (37... b5 $16 38. Kc7 Ke6) 38. Bb6 $1 Bd2 {intending ...Bf4+.} 39. g3 Bc3 40. a4 a5 41. Kc7 Ke7 42. Kxb7 Be1 (42... Kd7 $142 43. f3 Kd6) 43. Ka6 Kd7 44. Bxa5 {White mates.} Bxf2 45. Bb6 Be1 46. Kb7 Ke6 47. a5 Bxa5 48. Bxa5 Kf5 49. h4 Kg4 50. Bc7 h6 51. Bf4 {Accuracy: White = 82%, Black = 32%.} 1-0

[Event "Lozovatsky Memorial-B 2019"]
[Site "Chelyabinsk"]
[Date "2019.01.19"]
[Round "8"]
[White "Radzhabov, Rodion"]
[Black "Ponomariov, Valeriy"]
[Result "1/2-1/2"]
[WhiteElo "2329"]
[BlackElo "2378"]
[Annotator "TA"]
[PlyCount "99"]
[EventDate "2019.01.12"]
[EventType "tourn"]
[EventCountry "RUS"]
[SourceTitle "playchess.com"]
[Source "ChessBase"]
[SourceQuality "1"]

{[%evp 19,99,16,18,0,17,0,13,0,0,0,19,-13,28,10,24,0,0,-33,-33,-45,-67,-77,20,0,10,10,10,10,22,23,18,-20,-16,-19,-23,-41,-26,-78,-69,-75,-82,-82,-38,-45,-39,-43,-37,-47,-47,-51,-59,-58,-28,-15,-10,-58,-56,-55,-55,-93,-89,-95,-94,-78,-77,-93,-90,-94,-45,-66,-25,-31,-15,-16,-12,-12,0,0,0,0,0,0]} 1. e4 e5 2. Nf3 Nc6 3. Bc4 Nf6 4. d3 Bc5 5. c3 a6 6. a4 {C54: Giuoco Piano: 4 c3 Nf6, main lines with 5 d4 and 5 d3} d6 7. O-O Ba7 8. Nbd2 {[%cal Bb1d2,Bd2f1,Bf1g3][%mdl 32]} h6 9. Re1 O-O 10. Nf1 Ne7 {LiveBook: 4 Games} 11. Ng3 Ng6 12. Bb3 c6 13. Be3 $146 ({Predecessor:} 13. d4 Re8 14. h3 d5 15. Nxe5 Nxe5 16. dxe5 Nxe4 17. Nxe4 dxe4 18. Qxd8 Rxd8 {0-1 (48) Topalov,V (2761)-Fressinet,L (2687) Paris 2016}) 13... Bxe3 14. Rxe3 d5 15. h3 a5 16. exd5 Nxd5 17. Re1 Ndf4 18. d4 exd4 19. Qxd4 Qxd4 20. Nxd4 Bd7 ({Black should try} 20... Nh4 $17) 21. Ndf5 Be6 (21... Rad8 {seems wilder.} 22. Rad1 Be6 23. Bc2 h5 24. h4 b6) 22. Bxe6 fxe6 23. Ne3 $1 Nd3 24. Red1 Nc5 25. Ne2 Nf4 $36 {[%mdl 2048] Black is more active.} 26. Nd4 e5 27. Ndf5 Nfd3 28. b4 (28. Ra2 $11 {remains equal.}) 28... axb4 $17 29. cxb4 Nxb4 30. a5 Rad8 (30... Nbd3 {keeps more tension.} 31. f3 Nb3 32. Ra2 Ndc5 33. a6 Ra7) 31. Rxd8 Rxd8 32. Rb1 Nbd3 33. Nc4 Rd7 34. Nb6 Rf7 35. Nd6 Rxf2 {[#] Strongly threatening ...Ra2.} 36. Nxb7 $1 {[%mdl 512]} Ra2 (36... Nxb7 37. a6) 37. Nc4 Nxb7 38. Rxb7 $15 {[%mdl 4096] Endgame KRN-KRN} Ra4 39. Nd6 Ra1+ 40. Kh2 Rxa5 41. Nf5 e4 42. Ne7+ Kh7 43. Nxc6 Rc5 (43... Ra4 {looks sharper.} 44. Kg3 Rc4 45. Ne7 Rc5 46. Rd7 Rg5+) 44. Nd4 Re5 45. Rb3 Nc5 46. Rb5 {The position is equal.} Nd7 {Threatening ...Rxb5.} 47. Kg3 Rxb5 48. Nxb5 g5 49. Nd6 Nc5 50. Kf2 {Precision: White = 56%, Black = 60%.} 1/2-1/2

[Event "Lozovatsky Memorial-B 2019"]
[Site "Chelyabinsk"]
[Date "2019.01.19"]
[Round "8"]
[White "Dauletova, Gulmira"]
[Black "Sitnikov, Anton"]
[Result "0-1"]
[WhiteElo "2240"]
[BlackElo "2410"]
[Annotator "TA"]
[PlyCount "98"]
[EventDate "2019.01.12"]
[EventType "tourn"]
[EventCountry "RUS"]
[SourceTitle "playchess.com"]
[Source "ChessBase"]
[SourceQuality "1"]

{[%evp 20,98,18,18,44,11,29,29,20,21,20,0,0,-12,-31,-56,-13,-190,-194,-198,-200,-177,-179,-189,-49,-67,-44,-53,-48,-50,-16,-26,25,29,46,45,48,0,0,-28,-43,-625,-631,-603,-615,-665,-659,-654,-653,-647,-619,-644,-639,-727,-735,-747,-731,-1029,-1027,-1010,-1009,-1009,-993,-932,-819,-1120,-1120,-1082,-988,-1046,-1010,-1844,-1917,-29961,-12826,-29988,-29989,-29992,-29993,-29997,-811]} 1. e4 d6 2. d4 Nf6 3. Nc3 Nbd7 4. Nf3 e5 5. Bc4 Be7 6. a4 O-O 7. O-O exd4 {C41: Philidor Defence} (7... c6 8. Re1 b6 9. h3 a6 10. Ba2 Rb8 11. Be3 b5 12. axb5 axb5 13. b4 Bb7 14. Bb3 exd4 15. Nxd4 d5 16. exd5 Bxb4 17. Bd2 cxd5 18. Ncxb5 Bxd2 19. Qxd2 {½-½ (30) Kryvoruchko,Y (2705)-Laznicka,V (2671) Brest 2018}) 8. Nxd4 Ne5 9. Ba2 Nc6 10. h3 Nb4 11. Bb3 {LiveBook: 3 Games} a6 $146 ({Predecessor:} 11... c5 12. Nde2 Be6 13. Nf4 Bxb3 14. cxb3 Re8 15. f3 {0-1 (43) Bok,B (2599)-Van Foreest,J (2601) Amsterdam 2016}) 12. Bf4 c5 13. Nf3 Be6 14. Bxe6 fxe6 15. Ng5 Qd7 16. e5 Nfd5 17. Bc1 Nf4 18. Qg4 $2 (18. Nce4 $11 {and White has nothing to worry.}) 18... h5 $19 ({Worse is} 18... dxe5 19. Rd1 $14) 19. Qh4 {[#]} Bxg5 $1 ({Much less strong is} 19... dxe5 20. Bxf4 exf4 21. Qxh5 $15) 20. Qxg5 Rf5 21. Qh4 dxe5 ({Black should play} 21... Ng6 $19 22. Qe4 d5) 22. Bxf4 $1 $15 exf4 23. Rad1 Qe8 {Strongly threatening ...g5.} 24. Ne4 Qg6 25. c3 Nc6 ({Black should try} 25... Nd5) 26. f3 $11 Raf8 27. Rd6 {[%mdl 1024] White has compensation.} Na5 {[%cal Bc6a5,Ba5c4,Bc4e3][%mdl 32]} 28. Rd7 Nc4 $36 {[%mdl 2048] Black is pushing.} 29. Rf2 Rd5 30. Qe7 $2 {[%mdl 8192]} (30. Rxd5 $15 exd5 31. Nxc5) 30... Re8 $19 31. Rxd5 Rxe7 32. Rxc5 Ne3 33. Rg5 Qh6 34. Rd2 Nf5 35. h4 Nxh4 36. Rc5 e5 37. Rc8+ Kh7 38. Rdd8 Qb6+ {[%mdl 64] Double Attack} 39. Kh2 Qxb2 {[%csl Gh4][%cal Rb2g2]} 40. Rd2 Qa3 41. Rf8 Ng6 42. Ng5+ Kh6 43. Nf7+ {[#]} Rxf7 $1 44. Rxf7 Qxc3 45. Rdd7 {[#]} e4 $1 46. fxe4 Qg3+ 47. Kh1 Ne5 {[%mdl 64] Double Attack. Black mates.} 48. Rd6+ g6 49. Rff6 Qe1+ {[%mdl 64] Double Attack. Accuracy: White = 38%, Black = 35%.} 0-1